<?xml version="1.0" encoding="UTF-8"?><?xml-stylesheet type="text/xsl" href="static/style.xsl"?><OAI-PMH xmlns="http://www.openarchives.org/OAI/2.0/" xmlns:xsi="http://www.w3.org/2001/XMLSchema-instance" xsi:schemaLocation="http://www.openarchives.org/OAI/2.0/ http://www.openarchives.org/OAI/2.0/OAI-PMH.xsd"><responseDate>2026-04-17T20:54:11Z</responseDate><request verb="GetRecord" identifier="oai:www.recercat.cat:11351/12539" metadataPrefix="marc">https://recercat.cat/oai/request</request><GetRecord><record><header><identifier>oai:recercat.cat:11351/12539</identifier><datestamp>2025-10-24T08:29:22Z</datestamp><setSpec>com_2072_378064</setSpec><setSpec>com_2072_378040</setSpec><setSpec>col_2072_378076</setSpec></header><metadata><record xmlns="http://www.loc.gov/MARC21/slim" xmlns:dcterms="http://purl.org/dc/terms/" xmlns:xsi="http://www.w3.org/2001/XMLSchema-instance" xmlns:doc="http://www.lyncode.com/xoai" xsi:schemaLocation="http://www.loc.gov/MARC21/slim http://www.loc.gov/standards/marcxml/schema/MARC21slim.xsd">
   <leader>00925njm 22002777a 4500</leader>
   <datafield ind2=" " ind1=" " tag="042">
      <subfield code="a">dc</subfield>
   </datafield>
   <datafield ind2=" " ind1=" " tag="720">
      <subfield code="a">Unitat d’Avaluació d’Experiència de Pacient</subfield>
      <subfield code="e">author</subfield>
   </datafield>
   <datafield ind2=" " ind1=" " tag="720">
      <subfield code="a">Gerència de Gestió Ciutadana. Àrea de Ciutadania, Innovació i Usuari</subfield>
      <subfield code="e">author</subfield>
   </datafield>
   <datafield ind2=" " ind1=" " tag="720">
      <subfield code="a">Servei Català de la Salut</subfield>
      <subfield code="e">author</subfield>
   </datafield>
   <datafield ind2=" " ind1=" " tag="260">
      <subfield code="c">2025-02-04T09:43:44Z</subfield>
   </datafield>
   <datafield ind2=" " ind1=" " tag="260">
      <subfield code="c">2025-02-04T09:43:44Z</subfield>
   </datafield>
   <datafield ind2=" " ind1=" " tag="260">
      <subfield code="c">2025-02</subfield>
   </datafield>
   <datafield ind2=" " ind1=" " tag="520">
      <subfield code="a">Experiència de pacient (EXP); Qualitat; Avaluació</subfield>
   </datafield>
   <datafield ind2=" " ind1=" " tag="520">
      <subfield code="a">Experiencia de paciente (EXP); Calidad; Evaluación</subfield>
   </datafield>
   <datafield ind2=" " ind1=" " tag="520">
      <subfield code="a">Patient Experience (EXP); Quality; Evaluation</subfield>
   </datafield>
   <datafield ind2=" " ind1=" " tag="520">
      <subfield code="a">EXP is a key factor in service management&#xd;
of health More and more research is being done for&#xd;
see the impact, both from the side of the&#xd;
patients as well as health professionals.&#xd;
A summary of the main findings of these&#xd;
studies provide contrasting arguments that us&#xd;
explain the importance of incorporating EXP in&#xd;
health management processes.</subfield>
   </datafield>
   <datafield ind2=" " ind1=" " tag="520">
      <subfield code="a">EXP es un factor clave en la gestión de los servicios&#xd;
de salud. Cada vez se hace más investigación por&#xd;
ver su impacto, tanto desde la vertiente de los&#xd;
pacientes como de los profesionales de la salud.&#xd;
Un resumen de los principales hallazgos de éstos&#xd;
estudios aportan argumentos contrastados que nos&#xd;
explican la importancia de incorporar el EXP en&#xd;
los procesos de gestión sanitaria.</subfield>
   </datafield>
   <datafield ind2=" " ind1=" " tag="520">
      <subfield code="a">L’objectiu general del Marc d’Experiència és “promoure i impulsar la cultura de l’experiència de pacient al sistema de salut públic de Catalunya per millorar la qualitat dels serveis i l’atenció”. Això s’ha d’aconseguir mitjançant uns elements facilitadors tant en l’àmbit de sistema i d’entitats proveïdores, com dels professionals:&#xd;
• Incorporar la perspectiva de pacient en els processos de millora, recerca o innovació tant dels serveis com de les tecnologies per a la salut.&#xd;
• Incloure la perspectiva de pacient per conèixer les seves necessitats, percepcions i expectatives respecte els serveis de salut.&#xd;
• Potenciar l’experiència de pacient en l’avaluació dels serveis de salut.</subfield>
   </datafield>
   <datafield ind1="8" ind2=" " tag="024">
      <subfield code="a">http://hdl.handle.net/11351/12539</subfield>
   </datafield>
   <datafield tag="653" ind2=" " ind1=" ">
      <subfield code="a">Indicadors de salut</subfield>
   </datafield>
   <datafield tag="653" ind2=" " ind1=" ">
      <subfield code="a">HEALTH CARE::Health Care Quality, Access, and Evaluation::Quality of Health Care::Health Care Evaluation Mechanisms::Data Collection::Surveys and Questionnaires::Health Surveys::Health Status Indicators</subfield>
   </datafield>
   <datafield tag="653" ind2=" " ind1=" ">
      <subfield code="a">PUBLIC HEALTH::Health Policy, Planning and Management::Public Health Policy::Health Systems</subfield>
   </datafield>
   <datafield tag="653" ind2=" " ind1=" ">
      <subfield code="a">ATENCIÓN DE SALUD::ambiente y salud pública::salud pública::métodos epidemiológicos::recopilación de datos::encuestas y cuestionarios::encuestas de salud::indicadores de salud</subfield>
   </datafield>
   <datafield tag="653" ind2=" " ind1=" ">
      <subfield code="a">SALUD PÚBLICA::Políticas, Planificación y Administración en salud::políticas de salud pública::sistemas de salud</subfield>
   </datafield>
   <datafield ind2="0" ind1="0" tag="245">
      <subfield code="a">Marc de l’experiència de pacient al sistema de salut de Catalunya</subfield>
   </datafield>
</record></metadata></record></GetRecord></OAI-PMH>